Kríza liberalizmu a cesta k zániku neoliberalizmu?

Podstata a obsah liberalizmu. Renesancia liberalizmu v podobe neoliberalizmu. Uplatnenie princípov liberalizmu v modeli sociálneho trhového hospodárstva. Mechanizmus fungovania modelu sociálneho trhového hospodárstva. Záujmové skupiny a nové feudality – ohrozenie slobodného trhového hospodárstva.

Gespeichert in:
Bibliographische Detailangaben
1. Verfasser: Lisý, Ján
Format: Buchkapitel
Sprache:Slowakisch
Schlagworte:
Tags: Tag hinzufügen
Keine Tags, Fügen Sie das erste Tag hinzu!

MARC

LEADER 00000naa$a2200000$$$4500
001 0255998
005 20240502074054.7
041 0 |a slo 
044 |a SK 
245 1 0 |a Kríza liberalizmu a cesta k zániku neoliberalizmu?  |c Ján Lisý 
520 |a Podstata a obsah liberalizmu. Renesancia liberalizmu v podobe neoliberalizmu. Uplatnenie princípov liberalizmu v modeli sociálneho trhového hospodárstva. Mechanizmus fungovania modelu sociálneho trhového hospodárstva. Záujmové skupiny a nové feudality – ohrozenie slobodného trhového hospodárstva. 
610 2 0 |a liberalizmus 
610 2 0 |a neoliberalizmus 
610 2 0 |a hospodárstvo trhové 
610 2 0 |a vlastníctvo súkromné 
610 2 0 |a konkurencia 
610 2 0 |a monopoly 
610 2 0 |a stabilita meny 
610 2 0 |a stabilita cien 
610 2 0 |a skupiny záujmové 
100 1 |a Lisý, Ján